000 00268nam a2200121 a 4500
001 4140
005 20140414132041.0
008 090218s19uu xx 00 eng d
050 _aBB
_bM27 2006
100 _aDiego, Celine
245 _aThe Magic box.
999 _c113868
_d113868